| 000 | 01022nam a2200265 c 4500 | ||
|---|---|---|---|
| 005 | 20200901124157.0 | ||
| 008 | 200901s2010 enka|||gr|||| 00| 0 eng d | ||
| 020 | _a9780521702713 | ||
| 040 |
_aCO-BoUCM _bspa _cDeissy Garcia _dDeissy Garcia |
||
| 041 | 0 | _aeng | |
| 060 | _aQH 436 | ||
| 100 | 1 |
_aFrankham, Richard _9100768 |
|
| 245 | 1 | 0 |
_a Introduction to conservation genetics _c Richard Frankham, Jonathan D. Ballou, David A. Briscoe ; ilustraciones Karina H. McInnes |
| 250 | _a2a.Ed. | ||
| 260 |
_bCambridge University Press _a Cambridge _aNueva York _c2010 |
||
| 300 |
_axxiii,618 páginas _bilustraciones |
||
| 504 | _aIncluye referencias bibliográficas e índices | ||
| 650 | 7 |
_aGenética _9207 |
|
| 650 | 7 |
_aConservación de los recursos genéticos _911657 |
|
| 650 | 7 |
_aConservación de la naturaleza _911653 |
|
| 700 | 1 |
_9100769 _aBallou, Jonathan D. |
|
| 700 | 1 |
_9100770 _aBriscoe, David A. |
|
| 700 | 1 |
_9100771 _aMcInnes, Karina H. _eilustrador |
|
| 942 |
_cLIBRO _n0 _2NLM _a25 _e2 _hQH 436 _mF829i |
||
| 999 |
_c317746 _d317746 |
||